000 00973nam a2200313 i 4500
999 _c65267
_d65267
001 768714001
003 CO-MdFUSB
005 20191022144426.0
008 190930t2011 esp |||| |||| 00| 0 spa d
020 _a9789588640112
040 _aCO-MdFUSB
_bspa
_cCO-MdFUSB
_dCO-MdFUSBC
_erda
041 _aspa
_hfre
082 _223
_a843
_bM262m
100 _aMalzieu, Mathias.
_eautor
240 _aMétamorphose en bord de ciel.
245 _aMetamorfosis en el cielo.
_c/ Mathias Malzieu ; traducido por Sofía Tros de Ilarduya
264 1 _aEspaña :
_bReservoir Books Mondadori,
_c[2011]
264 4 _c© 2011
300 _a146 páginas
_c; 22 cm
336 _2rdacontent
_atexto
_btxt
337 _2rdamedia
_asin mediación
_bn
338 _2rdacarrier
_avolumen
_bnc
563 _aRústico
650 7 _92654
_aLiteratura francesa
653 _aNovela francesa
700 _92583
_aTros de Ilarduya, Sofía.
_etraductor
942 _cBK
945 _aJTF-925